Baseball Hall of Fame misses - Statistics

General Stats
  • This quiz has been taken 302 times
    86 since last reset
  • The average score is 9 of 19
Answer Stats
Hint Answer % Correct
Besides Roger Clemens, this pitcher has the most career strikeouts and the highest pitching WAR of anyone not in the Hall of Fame. Vocally supporting Donald Trump probably did not help his chances. Curt Schilling
85%
Besides Roger Clemens, which modern-era player with a name known in medical circles has the most career wins (288) without ever having been elected to the Hall of Fame? Tommy John
76%
(see above, 2nd name) Dale Murphy
66%
This mustachioed second baseman is the only HOF-eligible, non-steroid tainted player to have the highest career Home Run total for his position (377) and not ultimately land in the HOF. He also won an MVP award. Jeff Kent
66%
This bespectacled pitcher is the only player to win back-to-back Cy Young Awards and not ultimately get elected to the HOF (Tim "the Freak" Lincecum will one day join him on this list). He also won an MVP award in 1968 when he finished the season with a 31-6 record, the last time a pitcher won 30 or more. Dennis McLain
59%
Arguably the game's best hitter for the better part of the 1980s, this player finished top 10 in the MVP voting 4 times in a row (snagging his first in 1985, and controversially being voted second to Roger Clemens in 1986) but had his career cut short after battling a nagging back injury. Don Mattingly
59%
This "sweet" second baseman ranks 51st all time among position players with a combined career W.A.R. of 75.1, the highest of any eligible position player not in the HOF and not tainted with PED use. Lou Whitaker
59%
The only other guy in the top 25 all-time list of "at-bats" (outside of Rose and Palmeiro) that is not in the HOF, he also has the most career hits (2877) of any eligible, non-PED using, non-HOFer... Oh, and he won 11 gold gloves as a SS - just 2 less than Ozzie Smith for second most at the position. Omar Vizquel
54%
From 2003 to 2008, this pitcher was arguably the best in the game; in that 6 year period, he won 2 Cy Young awards (as well as finished 7th, 5th and 3rd twice), leading the league in Ks three times in a row, along with 3 ERA titles. Johan Santana
42%
His 68.4 career WAR is ninth-highest among center fielders in MLB history and just shy of the average of the 19 Hall of Famers at the position (71.6). He is also one of 10 players to accrue at least 2,400 hits and 600 stolen bases in his career. The other nine are all in the Hall of Fame. Kenny Lofton
41%
With 473 home runs (the most of any non-steroid-tained non HOFer now that McGriff is in), he finished in the top-five AL MVP voting 4 times in his career, as well as ranks 39th all time in OPS (right between A-Rod and Hank Aaron). Who is he? Carlos Delgado
39%
(see above, 3rd name... hint: 1987-1990) Dave Stewart
39%
This catcher from the '60s and '70s was selected to the most All-Star games of all non-tainted, non-HOF players, at 11 total AS games. He later became a well-known college coach. Who is he? Bill Freehan
35%
Besides Barry Bonds, which TWO players are the only players in baseball history to win back-to-back MVP awards and NOT ultimately be elected to the HOF? Roger Maris
34%
Known as "the Senator" for his politeness, he won 2 MVP awards in the All-Star Game and 2 NLCS MVPs, plus the regular season NL MVP in 1978. A 10-time All-Star, he had four Gold Gloves, a .294 lifetime average, and a .338 postseason mark (in 11 series). He also had 2,599 hits, good for 88th all time. Steve Garvey
32%
Who are the only THREE pitchers in baseball history to record 4 straight 20 win seasons in a row, and not later be elected to the HOF? (first hint: 1971-1974) Wilbur Wood
31%
(see above, 2nd name... hint: 1968-1971) Dave McNally
30%
By the time he was 25 years old, this pitcher had amassed 92 wins, 2 Cy Young awards and a World Series MVP. He would later end up setting the record for most games missed on the disabled list over a career, and didn't make it past his first ballot on the HOF voting. Bret Saberhagen
28%
After Pete Rose and A-Rod, this leadoff hitter scored more runs than anybody not enshrined in the hall of fame and fell just short of the 3000 hit club over an 18 year career with 2 Worlds series wins that he argues would have lasted longer if he had used PEDs. Johnny Damon
21%
No matching quizzes found
Score Distribution
Percent of People with Each Score
Percentile by Number Answered
Your Score History
You have not taken this quiz since the last reset